| 000 | 00821nam a22002537a 4500 | ||
|---|---|---|---|
| 003 | URS | ||
| 005 | 20250827142529.0 | ||
| 008 | 250827b |||||||| |||| 00| 0 eng d | ||
| 020 | _a978-0-443-38069-3 | ||
| 040 |
_bEnglish _cURS _erda |
||
| 050 | 0 | 0 |
_aRM301.12 _b.Sk62m 2026 |
| 100 |
_aSkidmore-Roth, Linda, _eauthor. _96432 |
||
| 245 |
_aMosby's drug guide for nursing students / _cLinda Skidmore-Roth. |
||
| 264 |
_aSt. Louis, Missouri _bElsevier,, _c©2026. |
||
| 300 |
_aix, 1230 pages ; _c21 cm. |
||
| 336 |
_atext _btxt _2rdacontent |
||
| 337 |
_aunmediated _bn _2rdamedia |
||
| 338 |
_avolume _bnc _2rdacarrier |
||
| 588 | _aLatest issue consulted: 2009. | ||
| 650 | 0 |
_aDrugs _vHandbooks, manuals, etc. |
|
| 650 | 0 |
_aNursing _vHandbooks, manuals, etc. |
|
| 650 | 0 | _aPharmaceutical Preparations. | |
| 942 |
_2lcc _cR |
||
| 999 |
_c84518 _d84516 |
||